Statistics for Geography Questions #20: Country/State Scramble Part 2

Click here to take the quiz!

General Stats

  • This quiz has been taken 135 times
  • The average score is 15 of 16

Answer Stats

HintAnswer% Correct
kaslaaAlaska
100%
saxetTexas
99%
syernweej (2 words)New Jersey
98%
flcornaiiaCalifornia
98%
hklomaoaOklahoma
98%
hodaiIdaho
97%
sknsaaKansas
97%
atnmoanMontana
96%
blmaaaaAlabama
96%
dlfiaorFlorida
93%
eoggiarGeorgia
93%
zirnaaoArizona
92%
kausthodoat (2 words)South Dakota
91%
vndaeaNevada
91%
rasnbkeaNebraska
90%
wvsietgnraii (2 words)West Virginia
89%

Score Distribution

Percentile by Number Answered

Percent of People with Each Score

Your Score History

You have not taken this quiz